000 00757nam a2200277 a 4500
003 AR-BaBNM
005 20251128203336.0
008 082120s2002 ||||||||||||||000 | spa||
040 _cAR-BaBNM
100 1 _aHierro, Lelia O. de
245 0 0 _aEnfoque práctico de la supervisión escolar
250 _a1ª ed.
260 _aBuenos Aires
_bKapelusz
_c1974
300 _a47 p.
_btablas
490 0 _aCuaderno pedagógico
_vv. 27
504 _aBibliografía p. 47
650 4 _aSUPERVISION DE LOS DOCENTES
650 4 _aENTREVISTAS
650 4 _aREUNIONES
650 4 _aRELACIONES HUMANAS
650 4 _aRELACIONES INTERPERSONALES
650 4 _aASESORAMIENTO DEL DOCENTE
653 _aSUPERVISION DE ESCUELAS
942 _cBK
998 _cCarmen
999 _c2975
_d2975